<?xml version="1.0" encoding="UTF-8"?>
<record
    xmlns:xsi="http://www.w3.org/2001/XMLSchema-instance"
    xsi:schemaLocation="http://www.loc.gov/MARC21/slim http://www.loc.gov/standards/marcxml/schema/MARC21slim.xsd"
    xmlns="http://www.loc.gov/MARC21/slim">

  <leader>01198cam a2200289 a 4500</leader>
  <controlfield tag="001">000014445</controlfield>
  <controlfield tag="005">20200929163843.0</controlfield>
  <controlfield tag="008">010508s2000    ck a     b   f000 0 spa  </controlfield>
  <datafield tag="020" ind1=" " ind2=" ">
    <subfield code="a">9588052564</subfield>
  </datafield>
  <datafield tag="035" ind1=" " ind2=" ">
    <subfield code="a">(BoCbEI)la0101M0388</subfield>
  </datafield>
  <datafield tag="040" ind1=" " ind2=" ">
    <subfield code="a">DO-SdBNP</subfield>
    <subfield code="c">DLC</subfield>
  </datafield>
  <datafield tag="050" ind1="0" ind2="0">
    <subfield code="a">F2291.M4</subfield>
    <subfield code="b">B58 2000</subfield>
  </datafield>
  <datafield tag="082" ind1=" " ind2=" ">
    <subfield code="a">NN</subfield>
    <subfield code="b">B562m</subfield>
  </datafield>
  <datafield tag="100" ind1="1" ind2=" ">
    <subfield code="a">Betancur G&#xF3;mez, Jorge Mario,</subfield>
    <subfield code="d">1964-</subfield>
    <subfield code="9">32592</subfield>
  </datafield>
  <datafield tag="245" ind1="1" ind2="0">
    <subfield code="a">Moscas de todos los colores :</subfield>
    <subfield code="b">historia del barrio de Guayaquil en Medell&#xED;n, 1894-1934 /</subfield>
    <subfield code="c">Jorge Mario Betancur G&#xF3;mez.</subfield>
  </datafield>
  <datafield tag="260" ind1=" " ind2=" ">
    <subfield code="a">Colombia :</subfield>
    <subfield code="b">Ministerio de Cultura,</subfield>
    <subfield code="c">2000.</subfield>
  </datafield>
  <datafield tag="300" ind1=" " ind2=" ">
    <subfield code="a">482 p. :</subfield>
    <subfield code="b">il. ;</subfield>
    <subfield code="c">21 cm.</subfield>
  </datafield>
  <datafield tag="490" ind1="1" ind2=" ">
    <subfield code="a">Premios nacionales de cultura, 1998</subfield>
    <subfield code="a">Historia</subfield>
  </datafield>
  <datafield tag="504" ind1=" " ind2=" ">
    <subfield code="a">Incluye bibliograf&#xED;a: (p. 467-476) y nota al pie de las p&#xE1;ginas.</subfield>
  </datafield>
  <datafield tag="651" ind1=" " ind2="0">
    <subfield code="a">Guayaquil (Medellin, Colombia{Rpara}</subfield>
    <subfield code="x">Social Life And Customs.</subfield>
    <subfield code="9">32593</subfield>
  </datafield>
  <datafield tag="651" ind1=" " ind2="0">
    <subfield code="a">Medellin (Colombia{Rpara}</subfield>
    <subfield code="x">Social Life And Customs.</subfield>
    <subfield code="9">32594</subfield>
  </datafield>
  <datafield tag="651" ind1=" " ind2="0">
    <subfield code="a">Guayaquil (Medellin, Colombia{Rpara}</subfield>
    <subfield code="x">Social Conditions.</subfield>
    <subfield code="9">32595</subfield>
  </datafield>
  <datafield tag="651" ind1=" " ind2="0">
    <subfield code="a">Medellin (Colombia{Rpara}</subfield>
    <subfield code="x">Social Conditions.</subfield>
    <subfield code="9">32596</subfield>
  </datafield>
  <datafield tag="830" ind1=" " ind2="0">
    <subfield code="a">Premios nacionales de cultura, 1998,</subfield>
    <subfield code="p">Historia</subfield>
    <subfield code="9">32597</subfield>
  </datafield>
  <datafield tag="910" ind1=" " ind2=" ">
    <subfield code="a">Catalogaci&#xF3;n por copia / LC</subfield>
  </datafield>
  <datafield tag="049" ind1=" " ind2=" ">
    <subfield code="a">BNGR</subfield>
  </datafield>
  <datafield tag="952" ind1=" " ind2=" ">
    <subfield code="0">0</subfield>
    <subfield code="1">0</subfield>
    <subfield code="5">0</subfield>
    <subfield code="7">1</subfield>
    <subfield code="8">MO</subfield>
    <subfield code="a">GR</subfield>
    <subfield code="b">GR</subfield>
    <subfield code="c">CT</subfield>
    <subfield code="d">2009-12-15</subfield>
    <subfield code="i">LF1</subfield>
    <subfield code="l">0</subfield>
    <subfield code="o">NN B562m</subfield>
    <subfield code="p">14445-10</subfield>
    <subfield code="r">2020-06-25</subfield>
    <subfield code="w">2020-06-25</subfield>
    <subfield code="y">1</subfield>
    <subfield code="Z">No se presta</subfield>
  </datafield>
  <datafield tag="999" ind1=" " ind2=" ">
    <subfield code="c">14035</subfield>
    <subfield code="d">14035</subfield>
  </datafield>
</record>
